Answers Contain "Body" - Statistics

General Stats
  • This quiz has been taken 43 times
  • The average score is 8 of 16
Answer Stats
Clue Answer % Correct
98.6 Fahrenheit, 37 Celsius Body Temperature
89%
Secret Service or other protectors Bodyguard
86%
A lake, pond, sea, ocean, or bay Body of water
83%
Nonverbal communication Body language
81%
Mocking another's weight or appearance Body shaming
78%
Collision repair facility Body shop
72%
Riding a wave without a buoyant device Body surfing
67%
Height to weight ratio, used in medicine Body Mass Index
64%
Bullet proof vest Body armor
58%
Common activity at Venice Beach Bodybuilding
44%
Inacurrate perception of one's own looks Body dismorphia
19%
2009 Megan Fox horror movie Jennifer's Body
17%
Habeas Corpus Have the Body
8%
2008 Leonardo DiCaprio film Body of Lies
6%
Corpus Delicti Body of the Crime
6%
Multi-level marketing fitness brand Beachbody
3%
No matching quizzes found
Score Distribution
Percent of People with Each Score
Percentile by Number Answered
Your Score History
You have not taken this quiz